Diverzifikace terciárního vzdělávání v České republice
Koncepcia terciárneho vzdelávania v Českej republike. Hlavné komponenty českého terciárneho sektoru. Vyššie odborné školy (VOŠ), bakalárske štúdium, magisterské štúdium, doktorské štúdium v Česku.
Salvato in:
| Autore principale: | |
|---|---|
| Natura: | Capitolo di libro |
| Lingua: | ceco |
| Soggetti: | |
| Tags: |
Nessun Tag, puoi essere il primo ad aggiungerne!!
|
MARC
| LEADER | 00000naa a2200000 4500 | ||
|---|---|---|---|
| 001 | r032321 | ||
| 005 | 20230919102401.8 | ||
| 041 | 0 | |a cze | |
| 044 | |a CZ | ||
| 245 | 1 | 0 | |a Diverzifikace terciárního vzdělávání v České republice |c Ladislav Čerych |
| 520 | |a Koncepcia terciárneho vzdelávania v Českej republike. Hlavné komponenty českého terciárneho sektoru. Vyššie odborné školy (VOŠ), bakalárske štúdium, magisterské štúdium, doktorské štúdium v Česku. | ||
| 610 | 2 | 0 | |a vzdelávanie terciárne |
| 610 | 2 | 0 | |a školy vysoké odborné |
| 610 | 2 | 0 | |a štúdium magisterské |
| 610 | 2 | 0 | |a štúdium vysokoškolské |
| 610 | 2 | 0 | |a štúdium doktorandské |
| 610 | 2 | 0 | |a štúdium bakalárske |
| 610 | 2 | 0 | |a Česko |
| 610 | 2 | 0 | |a sektor terciárny |
| 610 | 2 | 0 | |a OECD |
| 100 | 1 | |a Čerych, Ladislav | |